[Event "Schleswig Holstein-ch Hauptturnier"]
[Site "Ratzeburg"]
[Date "2017.04.10"]
[Round "4.8"]
[White "Paulsen, Hauke"]
[Black "Paulsen, Niels Martin"]
[Result "0-1"]
[WhiteElo "1327"]
[BlackElo "1652"]
[PlyCount "72"]
[EventDate "2017.04.08"]
[EventType "swiss"]
[EventRounds "9"]
[EventCountry "GER"]
[SourceTitle "EXT 2022"]
[Source "ChessBase"]
[SourceDate "2021.10.06"]
[SourceVersion "1"]
[SourceVersionDate "2021.10.06"]
[SourceQuality "1"]

1. Nf3 g6 2. c4 Bg7 3. g3 Nf6 4. Bg2 Nc6 5. Nc3 d6 6. d4 Bf5 7. 0-0 e5 8. e3 Ne7 9. Re1 exd4 10. exd4 0-0 11. d5 Qd7 12. b3 Ne4 13. Nxe4 Bxa1 14. Bg5 Bxe4 15. Qxa1 Qg4 16. Bh6 Nf5 17. Bxf8 Rxf8 18. Nd2 Bxg2 19. Kxg2 Nh4+ 20. Kh1 Nf3 21. Nxf3 Qxf3+ 22. Kg1 b5 23. cxb5 Qxd5 24. Re7 Qc5 25. Qf1 Rb8 26. a4 Qc3 27. Qb1 c6 28. bxc6 Qxc6 29. Rxa7 Qb6 30. Rd7 Qc6 31. Re7 Qxa4 32. Re3 Qb5 33. Kg2 Qc6+ 34. Kh3 Rb5 35. Kg4 Qd5 36. f4 Qh5# 0-1